| 000 -LEADER |
| fixed length control field |
01379nam a22003977a 4500 |
| 001 - CONTROL NUMBER |
| control field |
2893554 |
| 003 - CONTROL NUMBER IDENTIFIER |
| control field |
OSt |
| 005 - DATE AND TIME OF LATEST TRANSACTION |
| control field |
20210426101522.0 |
| 008 - FIXED-LENGTH DATA ELEMENTS--GENERAL INFORMATION |
| fixed length control field |
870224t19871967nyu 000 1 eng |
| 010 ## - LIBRARY OF CONGRESS CONTROL NUMBER |
| LC control number |
87000297 |
| 020 ## - INTERNATIONAL STANDARD BOOK NUMBER |
| International Standard Book Number |
0802130119 (pbk.) : |
| 020 ## - INTERNATIONAL STANDARD BOOK NUMBER |
| International Standard Book Number |
9780802130112 |
| 040 ## - CATALOGING SOURCE |
| Original cataloging agency |
DLC |
| Transcribing agency |
DLC |
| Modifying agency |
DLC |
| -- |
OCoLC |
| -- |
DLC |
| Language of cataloging |
eng |
| 041 1# - LANGUAGE CODE |
| Language code of text/sound track or separate title |
eng |
| Language code of original |
rus |
| 050 00 - LIBRARY OF CONGRESS CALL NUMBER |
| Classification number |
PG3476.B78 |
| Item number |
M313 1987 |
| 080 ## - UNIVERSAL DECIMAL CLASSIFICATION NUMBER |
| Universal Decimal Classification number |
821.111 |
| Item number |
B-93 |
| 082 00 - DEWEY DECIMAL CLASSIFICATION NUMBER |
| Classification number |
891.73/42 |
| Edition number |
19 |
| 100 1# - MAIN ENTRY--PERSONAL NAME |
| Personal name |
Bulgakov, Mikhail, |
| Dates associated with a name |
1891-1940. |
| 240 10 - UNIFORM TITLE |
| Uniform title |
Master i Margarita. |
| Language of a work |
English |
| 245 14 - TITLE STATEMENT |
| Title |
The master and Margarita / |
| Statement of responsibility, etc. |
by Mikhail Bulgakov ; translated from the Russian by Mirra Ginsburg. |
| Remainder of title |
/ by: Grove Press |
| 250 ## - EDITION STATEMENT |
| Edition statement |
1st Evergreen edition |
| 260 ## - PUBLICATION, DISTRIBUTION, ETC. |
| Place of publication, distribution, etc. |
New York : |
| Name of publisher, distributor, etc. |
Grove Press |
| Date of publication, distribution, etc. |
1987, c1967. |
| 300 ## - PHYSICAL DESCRIPTION |
| Extent |
xii, 402 p. |
| Dimensions |
21 cm. |
| 365 ## - TRADE PRICE |
| Price amount |
11.95 usd |
| 500 ## - GENERAL NOTE |
| General note |
Translation of : Master i Margarita. |
| 500 ## - GENERAL NOTE |
| General note |
Cover title: The master & Margarita. |
| 500 ## - GENERAL NOTE |
| General note |
"Originally published in two issues of Moskva, in late 1966 and early 1967"--Verso t.p. |
| 650 #0 - SUBJECT ADDED ENTRY--TOPICAL TERM |
| 9 (RLIN) |
247 |
| Topical term or geographic name entry element |
English literature |
| 653 ## - INDEX TERM--UNCONTROLLED |
| Uncontrolled term |
ინგლისური ლიტერატურა |
| 655 #7 - INDEX TERM--GENRE/FORM |
| Genre/form data or focus term |
Political fiction. |
| Source of term |
lcsh |
| 655 #7 - INDEX TERM--GENRE/FORM |
| Genre/form data or focus term |
Allegories. |
| Source of term |
gsafd |
| 700 1# - ADDED ENTRY--PERSONAL NAME |
| Personal name |
Ginsburg, Mirra. |
| Relator term |
Translator |
| 740 0# - ADDED ENTRY--UNCONTROLLED RELATED/ANALYTICAL TITLE |
| Uncontrolled related/analytical title |
Master & Margarita. |
| 906 ## - LOCAL DATA ELEMENT F, LDF (RLIN) |
| a |
7 |
| b |
cbc |
| c |
orignew |
| d |
1 |
| e |
ocip |
| f |
19 |
| g |
y-gencatlg |
| 942 ## - ADDED ENTRY ELEMENTS (KOHA) |
| Source of classification or shelving scheme |
|
| Koha item type |
Books |